00000000cas 2200000zi 4500
0019.958314
003CaOODSP
00520260323143903
006m     o  d f      
007cr |||||||||||
008251216d19711986onc x p o    f0###a0eng|d
040 |aCaOODSP|beng|erda|cCaOODSP
043 |an-cn---
0861 |aC12-55E-PDF
222 0|aCanada commerce
24500|aCanada commerce.
264 1|aOttawa : |bDepartment of Industry, Trade and Commerce, |c1971-1986.
310 |aIrregular
336 |atext|btxt|2rdacontent
337 |acomputer|bc|2rdamedia
338 |aonline resource|bcr|2rdacarrier
3621 |aBegan with: Vol. 135, no. 17 (November 1971); ceased with Fall 1986.
500 |aIssued also in French under title: Commerce Canada.
550 |aPublished by the Department of Regional Industrial Expansion, 1983-.
588 |aDescription based on: Vol. 135, no. 17 (November 1971)
588 |aLatest issue consulted: Fall 1986.
650 0|aIndustries|zCanada|vPeriodicals.
650 0|aIndustrial policy|zCanada|vPeriodicals.
651 0|aCanada|xCommerce|vPeriodicals.
655 7|aPeriodicals|2lcgft
7101 |aCanada. |bDepartment of Industry, Trade and Commerce, |eissuing body.
7101 |aCanada. |bDepartment of Regional Industrial Expansion, |eissuing body.
78000|tForeign trade.|w(CaOODSP)9.958278